[Event "11th Arad Open 2018"]
[Site "Arad"]
[Date "2018.08.11"]
[Round "8"]
[White "Baratosi, Daniel"]
[Black "Zubcu, Vlad-George"]
[Result "1-0"]
[WhiteElo "2371"]
[BlackElo "2202"]
[Annotator "NA"]
[PlyCount "43"]
[EventDate "2018.08.05"]
[EventType "swiss"]
[EventCountry "ROU"]
[SourceTitle "playchess.com"]
[Source "ChessBase"]
[SourceQuality "1"]
[TimeControl "40/5400+30:1800+30"]

1. g3 {[%emt 0:08:15]} d5 {[%emt 0:02:01]} 2. Bg2 {[%emt 0:00:04]} Nf6 {[%emt 0:02:09]} 3. f4 {[%emt 0:03:33]} Bf5 {[%emt 0:06:59]} 4. Nf3 {[%emt 0:00:59]} c6 {[%emt 0:00:20]} 5. O-O {[%emt 0:04:05]} e6 {[%emt 0:00:46]} 6. e3 {[%emt 0:00:04]} Nbd7 {[%emt 0:00:22]} 7. Nc3 {[%emt 0:02:43]} h6 {[%emt 0:06:25]} 8. d3 {[%emt 0:03:08]} Be7 {[%emt 0:02:07]} 9. Qe2 {[%emt 0:04:45]} Qc7 {[%emt 0:06:02]} 10. e4 {[%emt 0:02:47]} dxe4 {[%emt 0:00:22]} 11. dxe4 {[%emt 0:00:03]} Bg4 {[%emt 0:01:19]} 12. h3 {[%emt 0:07:43]} Bxf3 {[%emt 0:00:22]} 13. Rxf3 {[%emt 0:00:35]} e5 {[%emt 0:00:26]} 14. a3 {[%emt 0:00:38]} exf4 {[%emt 0:03:56]} 15. gxf4 {[%emt 0:00:21]} O-O-O {[%emt 0:00:41]} 16. e5 {[%emt 0:04:39]} Ne8 {[%emt 0:04:32]} 17. b4 {[%emt 0:01:00]} g5 {[%emt 0:00:24]} 18. b5 {[%emt 0:06:15]} gxf4 {[%emt 0:03:20]} 19. Bxf4 {[%emt 0:02:06]} Bg5 {[%emt 0:03:43]} 20. Bg3 {[%emt 0:10:35]} Qb6+ {[%emt 0:01:29]} 21. Bf2 {[%emt 0:04:52]} c5 {[%emt 0:00:28]} 22. Qe4 {[%emt 0:07:25]} 1-0

[Event "11th Arad Open 2018"]
[Site "Arad"]
[Date "2018.08.11"]
[Round "8"]
[White "Abramciuc, Marius"]
[Black "Kelly, Ladislau-Endre"]
[Result "0-1"]
[WhiteElo "2357"]
[BlackElo "2173"]
[Annotator "NA"]
[PlyCount "46"]
[EventDate "2018.08.05"]
[EventType "swiss"]
[EventCountry "ROU"]
[SourceTitle "playchess.com"]
[Source "ChessBase"]
[SourceQuality "1"]
[TimeControl "40/5400+30:1800+30"]

1. e4 {[%emt 0:00:00]} d5 {[%emt 0:00:00]} 2. exd5 {[%emt 0:00:00]} Nf6 {[%emt 0:00:00]} 3. d4 {[%emt 0:00:02]} Bg4 {[%emt 0:00:01]} 4. Be2 {[%emt 0:02:51]} Bxe2 {[%emt 0:00:16]} 5. Qxe2 {[%emt 0:00:09]} Qxd5 {[%emt 0:00:15]} 6. Nf3 {[%emt 0:00:07]} e6 {[%emt 0:00:18]} 7. c4 {[%emt 0:03:33]} Qf5 {[%emt 0:00:11]} 8. d5 {[%emt 0:07:27]} Bc5 {[%emt 0:00:06]} 9. dxe6 {[%emt 0:02:32]} O-O {[%emt 0:00:07]} 10. O-O {[%emt 0:05:52]} Nc6 {[%emt 0:00:10]} 11. Nc3 {[%emt 0:06:46]} Rae8 {[%emt 0:00:36]} 12. exf7+ {[%emt 0:02:00]} Rxf7 {[%emt 0:00:19]} 13. Be3 {[%emt 0:00:04]} Ng4 {[%emt 0:25:03]} 14. Nd5 {[%emt 0:10:23]} Qh5 {[%emt 0:08:37]} 15. h3 {[%emt 0:01:08]} Nge5 {[%emt 0:02:04]} 16. Nd4 {[%emt 0:43:38]} Qh4 {[%emt 0:09:48]} 17. Nb3 {[%emt 0:02:32]} Nf3+ {[%emt 0:20:45]} 18. gxf3 {[%emt 0:05:22]} Qxh3 {[%emt 0:05:34]} 19. Nxc5 {[%emt 0:02:22]} Nd4 {[%emt 0:01:10]} 20. Bxd4 {[%emt 0:01:49]} Rxe2 {[%emt 0:00:05]} 21. Rfe1 {[%emt 0:00:47]} Rf5 {[%emt 0:01:06]} 22. Ne7+ {[%emt 0:01:03]} Rxe7 {[%emt 0:00:06]} 23. Ne4 {[%emt 0:00:30]} Rxe4 {[%emt 0:00:30]} 0-1

[Event "11th Arad Open 2018"]
[Site "Arad"]
[Date "2018.08.11"]
[Round "8"]
[White "Tiba, Vladyslav"]
[Black "Antal, Gergely"]
[Result "0-1"]
[WhiteElo "2356"]
[BlackElo "2549"]
[Annotator "ChessBase"]
[PlyCount "77"]
[EventDate "2018.08.05"]
[EventType "swiss"]
[EventCountry "ROU"]
[SourceTitle "playchess.com"]
[Source "ChessBase"]
[SourceQuality "1"]
[TimeControl "40/5400+30:1800+30"]

1. e4 {[%emt 0:00:00]} c5 {[%emt 0:00:57]} 2. Nf3 {[%emt 0:00:00]} Nc6 {[%emt 0:00:12]} 3. Bb5 {[%emt 0:00:39]} e6 {[%emt 0:00:12]} 4. O-O {[%emt 0:00:16]} Nge7 {[%emt 0:00:21]} 5. d4 {[%emt 0:00:14]} cxd4 {[%emt 0:00:24]} 6. Nxd4 {[%emt 0:00:08]} Qb6 {[%emt 0:00:20]} 7. Nxc6 {[%emt 0:00:26]} dxc6 {[%emt 0:00:12]} 8. Be2 {[%emt 0:03:19]} Ng6 {[%emt 0:00:07]} 9. Nd2 {[%emt 0:06:32]} Qc7 {[%emt 0:04:28]} 10. a4 {[%emt 0:06:32]} e5 {[%emt 0:12:37]} 11. Nc4 {[%emt 0:06:17]} Be6 {[%emt 0:01:14]} 12. Be3 {[%emt 0:06:12]} Be7 {[%emt 0:03:46]} 13. a5 {[%emt 0:05:40]} O-O {[%emt 0:00:24]} 14. g3 {[%emt 0:07:36]} Rfd8 {[%emt 0:12:58]} 15. Qb1 {[%emt 0:01:04]} Nf4 {[%emt 0:06:14]} 16. gxf4 {[%emt 0:27:21]} exf4 {[%emt 0:00:04]} 17. Qc1 {[%emt 0:00:39]} fxe3 {[%emt 0:06:18]} 18. Qxe3 {[%emt 0:00:12]} Rab8 {[%emt 0:09:41]} 19. Qg3 {[%emt 0:03:32]} Qxg3+ {[%emt 0:00:21]} 20. hxg3 {[%emt 0:00:05]} Rd4 {[%emt 0:00:06]} 21. b3 {[%emt 0:04:35]} Rxe4 {[%emt 0:00:07]} 22. Bf3 {[%emt 0:00:26]} Rd4 {[%emt 0:00:16]} 23. Rfd1 {[%emt 0:00:12]} Rxd1+ {[%emt 0:01:11]} 24. Rxd1 {[%emt 0:00:14]} a6 {[%emt 0:02:00]} 25. Nd6 {[%emt 0:03:54]} Rd8 {[%emt 0:04:32]} 26. Nc4 {[%emt 0:05:16]} Rxd1+ {[%emt 0:00:05]} 27. Bxd1 {[%emt 0:00:05]} Bb4 {[%emt 0:00:59]} 28. Kf1 {[%emt 0:02:50]} Kf8 {[%emt 0:00:15]} 29. Bf3 {[%emt 0:01:23]} Ke7 {[%emt 0:02:03]} 30. Ke2 {[%emt 0:00:44]} Bf5 {[%emt 0:05:40]} 31. Ne3 {[%emt 0:00:45]} Be6 {[%emt 0:04:15]} 32. Nc4 {[%emt 0:00:23]} Bxc4+ {[%emt 0:05:13]} 33. bxc4 {[%emt 0:00:07]} Bxa5 {[%emt 0:00:02]} 34. Bg4 {[%emt 0:00:24]} Kd6 {[%emt 0:00:18]} 35. Bc8 {[%emt 0:01:07]} Kc7 {[%emt 0:00:04]} 36. Bf5 {[%emt 0:00:39]} g6 {[%emt 0:00:30]} 37. Bh3 {[%emt 0:01:36]} Bb4 {[%emt 0:02:09]} 38. Kd3 {[%emt 0:00:37]} a5 {[%emt 0:00:26]} 39. Kd4 0-1

[Event "11th Arad Open 2018"]
[Site "Arad"]
[Date "2018.08.11"]
[Round "8"]
[White "Balla, Tamas-Kristof"]
[Black "Calin, Alexandru"]
[Result "1-0"]
[WhiteElo "2352"]
[BlackElo "2215"]
[Annotator "NA"]
[PlyCount "75"]
[EventDate "2018.08.05"]
[EventType "swiss"]
[EventCountry "ROU"]
[SourceTitle "playchess.com"]
[Source "ChessBase"]
[SourceQuality "1"]
[TimeControl "40/5400+30:1800+30"]

1. e4 {[%emt 0:06:28]} e5 {[%emt 0:00:31]} 2. Nf3 {[%emt 0:00:10]} d6 {[%emt 0:00:03]} 3. d4 {[%emt 0:00:12]} exd4 {[%emt 0:00:04]} 4. Nxd4 {[%emt 0:00:06]} Nf6 {[%emt 0:00:03]} 5. f3 {[%emt 0:00:12]} Be7 {[%emt 0:00:03]} 6. c4 {[%emt 0:00:10]} O-O {[%emt 0:00:12]} 7. Nc3 {[%emt 0:00:07]} c6 {[%emt 0:02:26]} 8. Be3 {[%emt 0:00:07]} Re8 {[%emt 0:02:16]} 9. Qd2 {[%emt 0:00:56]} Bf8 {[%emt 0:00:21]} 10. O-O-O {[%emt 0:01:58]} a6 {[%emt 0:14:30]} 11. Nf5 {[%emt 0:11:10]} Bxf5 {[%emt 0:23:11]} 12. exf5 {[%emt 0:00:25]} Qa5 {[%emt 0:02:33]} 13. g4 {[%emt 0:02:46]} b5 {[%emt 0:04:58]} 14. Kb1 {[%emt 0:01:42]} bxc4 {[%emt 0:01:00]} 15. Bxc4 {[%emt 0:00:58]} Nfd7 {[%emt 0:08:28]} 16. Bb3 {[%emt 0:14:41]} d5 {[%emt 0:02:13]} 17. Rhe1 {[%emt 0:04:14]} Rc8 {[%emt 0:03:46]} 18. Qf2 {[%emt 0:10:31]} Bb4 {[%emt 0:05:13]} 19. Re2 {[%emt 0:05:40]} Nc5 {[%emt 0:01:17]} 20. Bc2 {[%emt 0:11:34]} Nbd7 {[%emt 0:00:04]} 21. Bd4 {[%emt 0:00:13]} Rab8 {[%emt 0:04:10]} 22. Qe3 {[%emt 0:05:23]} Nb7 {[%emt 0:01:20]} 23. Bxg7 {[%emt 0:11:06]} f6 {[%emt 0:04:11]} 24. Qe6+ {[%emt 0:07:45]} Kxg7 {[%emt 0:00:05]} 25. Qxd7+ {[%emt 0:00:05]} Kh8 {[%emt 0:00:20]} 26. Na4 {[%emt 0:02:31]} Nc5 {[%emt 0:05:11]} 27. Nxc5 {[%emt 0:00:09]} Qxc5 {[%emt 0:00:22]} 28. Qe6 {[%emt 0:00:34]} Rf8 {[%emt 0:01:51]} 29. Bb3 {[%emt 0:01:10]} Qb5 {[%emt 0:06:46]} 30. Rc2 {[%emt 0:00:12]} Rbc8 {[%emt 0:05:25]} 31. Rdc1 {[%emt 0:01:07]} Qd3 {[%emt 0:00:14]} 32. Qe2 {[%emt 0:00:44]} Qxe2 {[%emt 0:00:26]} 33. Rxe2 {[%emt 0:00:04]} d4 {[%emt 0:00:20]} 34. Re6 {[%emt 0:00:11]} d3 {[%emt 0:00:46]} 35. Rcxc6 {[%emt 0:00:13]} Rxc6 {[%emt 0:00:17]} 36. Rxc6 {[%emt 0:00:04]} Re8 {[%emt 0:00:51]} 37. a3 {[%emt 0:00:31]} Be1 {[%emt 0:02:10]} 38. Re6 {[%emt 0:01:16]} 1-0

[Event "11th Arad Open 2018"]
[Site "Arad"]
[Date "2018.08.11"]
[Round "8"]
[White "Ileana, George"]
[Black "Virag, Balint"]
[Result "1-0"]
[WhiteElo "2324"]
[BlackElo "2137"]
[Annotator "NA"]
[PlyCount "61"]
[EventDate "2018.08.05"]
[EventType "swiss"]
[EventCountry "ROU"]
[SourceTitle "playchess.com"]
[Source "ChessBase"]
[SourceQuality "1"]
[TimeControl "40/5400+30:1800+30"]

1. Nf3 {[%emt 0:00:25]} Nf6 {[%emt 0:00:00]} 2. c4 {[%emt 0:00:11]} g6 {[%emt 0:00:00]} 3. b3 {[%emt 0:00:33]} Bg7 {[%emt 0:00:00]} 4. Bb2 {[%emt 0:00:04]} O-O {[%emt 0:00:13]} 5. e3 {[%emt 0:00:04]} d5 {[%emt 0:00:23]} 6. Be2 {[%emt 0:00:37]} c5 {[%emt 0:00:08]} 7. O-O {[%emt 0:00:25]} Nc6 {[%emt 0:00:42]} 8. cxd5 {[%emt 0:01:07]} Nxd5 {[%emt 0:00:30]} 9. Bxg7 {[%emt 0:00:20]} Kxg7 {[%emt 0:00:02]} 10. d4 {[%emt 0:00:06]} cxd4 {[%emt 0:00:33]} 11. Nxd4 {[%emt 0:00:06]} Nxd4 {[%emt 0:01:06]} 12. Qxd4+ {[%emt 0:00:27]} Nf6 {[%emt 0:00:08]} 13. Qb4 {[%emt 0:00:41]} a5 {[%emt 0:01:23]} 14. Qc3 {[%emt 0:00:29]} Be6 {[%emt 0:00:43]} 15. Na3 {[%emt 0:00:26]} Rc8 {[%emt 0:01:57]} 16. Qb2 {[%emt 0:00:07]} Qb6 {[%emt 0:02:43]} 17. Rac1 {[%emt 0:00:13]} Rfd8 {[%emt 0:05:04]} 18. Bc4 {[%emt 0:01:27]} Bf5 {[%emt 0:01:23]} 19. Rfd1 {[%emt 0:01:56]} Qb4 {[%emt 0:02:39]} 20. f3 {[%emt 0:02:47]} b5 {[%emt 0:06:55]} 21. Rxd8 {[%emt 0:02:56]} Rxd8 {[%emt 0:00:01]} 22. Nxb5 {[%emt 0:00:16]} Rd2 {[%emt 0:01:02]} 23. Qc3 {[%emt 0:00:07]} Qxc3 {[%emt 0:01:10]} 24. Nxc3 {[%emt 0:00:11]} Bc2 {[%emt 0:01:13]} 25. Kf1 {[%emt 0:07:46]} Bd3+ {[%emt 0:04:15]} 26. Ke1 {[%emt 0:01:27]} Rxg2 {[%emt 0:00:06]} 27. Bxd3 {[%emt 0:00:06]} Rxh2 {[%emt 0:00:08]} 28. Rc2 {[%emt 0:00:11]} Rh1+ {[%emt 0:00:25]} 29. Bf1 {[%emt 0:00:53]} Nh5 {[%emt 0:01:21]} 30. Kf2 {[%emt 0:00:21]} Ng3 {[%emt 0:00:04]} 31. Bg2 {[%emt 0:00:15]} 1-0

[Event "11th Arad Open 2018"]
[Site "Arad"]
[Date "2018.08.11"]
[Round "8"]
[White "Yordanov, Lachezar"]
[Black "Miron, Lucian-Costin"]
[Result "1/2-1/2"]
[WhiteElo "2314"]
[BlackElo "2460"]
[Annotator "TA"]
[PlyCount "50"]
[EventDate "2018.08.05"]
[EventType "swiss"]
[EventCountry "ROU"]
[SourceTitle "playchess.com"]
[Source "ChessBase"]
[SourceQuality "1"]

{[%evp 9,50,11,9,5,39,30,29,21,36,15,27,0,0,0,0,0,22,-23,-33,-29,-25,-28,0,0,0,0,0,-13,0,-18,0,0,3,-3,0,-16,-6,-3,0,-18,0,-8,0]} 1. b3 e5 2. Bb2 Nc6 3. e3 Nf6 4. Nf3 e4 5. Nd4 Bc5 {LiveBook: 15 Partien} (5... Nxd4 6. Bxd4 Be7 7. c4 O-O 8. Nc3 c6 9. Rc1 d5 10. cxd5 cxd5 11. Be2 Be6 12. O-O a6 13. f4 exf3 14. Bxf3 {1-0 (31) Jobava,B (2690)-Harikrishna,P (2744) Riadh 2017}) 6. d3 {A01: Larsen-Eröffnung} exd3 7. Bxd3 Ne5 $146 ({Vorgänger:} 7... O-O 8. O-O Re8 9. Nd2 Nxd4 10. exd4 Bf8 11. d5 d6 12. Qf3 Nd7 13. Nc4 Nc5 14. Rfe1 Bd7 15. Bf1 Qg5 16. h3 Bf5 17. Ne3 {½-½ (17) Bhend,E (2189)-Titz,H (2157) Vilnius 2014}) 8. O-O {Weiß hat minimalen Vorteil.} O-O 9. c4 d5 10. cxd5 Nxd3 11. Qxd3 Qxd5 12. Nc3 Qh5 13. Ne4 Nxe4 14. Qxe4 Bd6 {[%csl Gd6][%cal Rh5h2] [#]} 15. h3 Qe5 (15... f6 {is interesting.} 16. Rfd1 a6 17. Qc2 Bd7 18. Rd2 Rfe8) 16. Qxe5 {Die Stellung ist ausgeglichen.} Bxe5 17. Rac1 c6 18. Rfd1 Re8 19. Rd2 h6 20. Rcd1 a6 21. Ba3 Bc7 22. Rc2 Rd8 23. Rcd2 Re8 24. Rc2 Rd8 25. Rcd2 Re8 {Precision: Weiß = 39%, Schwarz = 41%.} 1/2-1/2

[Event "11th Arad Open 2018"]
[Site "Arad"]
[Date "2018.08.11"]
[Round "8"]
[White "Banzea, Alexandru-Bogdan"]
[Black "Filip, Lucian-Ioan"]
[Result "1/2-1/2"]
[WhiteElo "2313"]
[BlackElo "2426"]
[Annotator "NA"]
[PlyCount "62"]
[EventDate "2018.08.05"]
[EventType "swiss"]
[EventCountry "ROU"]
[SourceTitle "playchess.com"]
[Source "ChessBase"]
[SourceQuality "1"]
[TimeControl "40/5400+30:1800+30"]

1. e4 {[%emt 0:06:57]} e6 {[%emt 0:00:00]} 2. d4 {[%emt 0:00:08]} d5 {[%emt 0:00:00]} 3. Nc3 {[%emt 0:00:08]} Bb4 {[%emt 0:00:00]} 4. e5 {[%emt 0:00:07]} c5 {[%emt 0:00:00]} 5. a3 {[%emt 0:00:05]} Bxc3+ {[%emt 0:00:00]} 6. bxc3 {[%emt 0:00:06]} Qc7 {[%emt 0:00:01]} 7. a4 {[%emt 0:02:53]} Ne7 {[%emt 0:01:01]} 8. Nf3 {[%emt 0:00:46]} h6 {[%emt 0:01:19]} 9. Bb5+ {[%emt 0:03:14]} Bd7 {[%emt 0:01:05]} 10. Bd3 {[%emt 0:02:42]} Nbc6 {[%emt 0:00:34]} 11. O-O {[%emt 0:00:48]} cxd4 {[%emt 0:23:39]} 12. cxd4 {[%emt 0:00:52]} Nb4 {[%emt 0:00:01]} 13. Ba3 {[%emt 0:01:41]} Nxd3 {[%emt 0:00:08]} 14. cxd3 {[%emt 0:04:43]} Bc6 {[%emt 0:00:14]} 15. Nh4 {[%emt 0:05:31]} Ng6 {[%emt 0:29:48]} 16. Nxg6 {[%emt 0:23:10]} fxg6 {[%emt 0:00:03]} 17. Re1 {[%emt 0:02:57]} Kf7 {[%emt 0:16:58]} 18. Re3 {[%emt 0:05:20]} Be8 {[%emt 0:06:49]} 19. Bd6 {[%emt 0:10:57]} Qd7 {[%emt 0:00:22]} 20. a5 {[%emt 0:03:56]} Kg8 {[%emt 0:01:54]} 21. h4 {[%emt 0:02:38]} Kh7 {[%emt 0:00:10]} 22. Rb1 {[%emt 0:01:01]} Rc8 {[%emt 0:08:29]} 23. Qb3 {[%emt 0:03:46]} Rc6 {[%emt 0:01:59]} 24. Ree1 {[%emt 0:06:38]} b6 {[%emt 0:00:11]} 25. Qa3 {[%emt 0:00:31]} Qb7 {[%emt 0:00:56]} 26. axb6 {[%emt 0:02:36]} Rxb6 {[%emt 0:01:52]} 27. Ra1 {[%emt 0:00:16]} Bb5 {[%emt 0:01:31]} 28. Bc5 {[%emt 0:01:39]} Ra6 {[%emt 0:00:05]} 29. Qb2 {[%emt 0:01:02]} Rxa1 {[%emt 0:00:04]} 30. Qxa1 {[%emt 0:01:05]} a6 {[%emt 0:01:24]} 31. Qa3 {[%emt 0:02:17]} Rc8 {[%emt 0:00:57]} 1/2-1/2

[Event "11th Arad Open 2018"]
[Site "Arad"]
[Date "2018.08.11"]
[Round "8"]
[White "Trifan, Andrei Ioan"]
[Black "David, Bogdan-Emanuel"]
[Result "1/2-1/2"]
[WhiteElo "2308"]
[BlackElo "2104"]
[Annotator "NA"]
[PlyCount "78"]
[EventDate "2018.08.05"]
[EventType "swiss"]
[EventCountry "ROU"]
[SourceTitle "playchess.com"]
[Source "ChessBase"]
[SourceQuality "1"]
[TimeControl "40/5400+30:1800+30"]

1. e4 {[%emt 0:00:00]} c5 {[%emt 0:04:11]} 2. Nf3 {[%emt 0:00:07]} Nc6 {[%emt 0:00:07]} 3. d4 {[%emt 0:00:25]} cxd4 {[%emt 0:00:07]} 4. Nxd4 {[%emt 0:00:09]} e5 {[%emt 0:00:06]} 5. Nb5 {[%emt 0:00:50]} d6 {[%emt 0:00:17]} 6. N1c3 {[%emt 0:00:37]} a6 {[%emt 0:00:08]} 7. Na3 {[%emt 0:00:46]} b5 {[%emt 0:00:05]} 8. Nd5 {[%emt 0:00:48]} Nge7 {[%emt 0:00:45]} 9. c4 {[%emt 0:00:46]} Nxd5 {[%emt 0:01:31]} 10. exd5 {[%emt 0:00:51]} Nd4 {[%emt 0:00:19]} 11. cxb5 {[%emt 0:01:19]} Bd7 {[%emt 0:02:01]} 12. Bd3 {[%emt 0:02:29]} axb5 {[%emt 0:01:33]} 13. O-O {[%emt 0:01:38]} Qb8 {[%emt 0:10:42]} 14. Be3 {[%emt 0:17:59]} Nf5 {[%emt 0:04:02]} 15. Qf3 {[%emt 0:09:03]} Nxe3 {[%emt 0:29:01]} 16. fxe3 {[%emt 0:02:18]} f6 {[%emt 0:00:50]} 17. Qh5+ {[%emt 0:05:32]} Ke7 {[%emt 0:00:27]} 18. Nc2 {[%emt 0:04:25]} Ra4 {[%emt 0:02:21]} 19. e4 {[%emt 0:10:00]} g6 {[%emt 0:01:19]} 20. Qf3 {[%emt 0:02:17]} Bg7 {[%emt 0:01:05]} 21. b3 {[%emt 0:01:27]} Qa7+ {[%emt 0:01:53]} 22. Qf2 {[%emt 0:06:18]} Ra5 {[%emt 0:01:26]} 23. Rfd1 {[%emt 0:06:25]} Bh6 {[%emt 0:03:51]} 24. Qxa7 {[%emt 0:02:04]} Rxa7 {[%emt 0:00:01]} 25. Kf2 {[%emt 0:00:23]} Rc8 {[%emt 0:02:07]} 26. h3 {[%emt 0:02:41]} Rc3 {[%emt 0:09:42]} 27. g4 {[%emt 0:02:36]} Bf4 {[%emt 0:01:03]} 28. Nb4 {[%emt 0:01:59]} Ra5 {[%emt 0:01:42]} 29. Rg1 {[%emt 0:01:13]} Kd8 {[%emt 0:01:27]} 30. Ke2 {[%emt 0:04:04]} Kc7 {[%emt 0:02:04]} 31. h4 {[%emt 0:01:54]} g5 {[%emt 0:03:51]} 32. hxg5 {[%emt 0:00:59]} Bxg5 {[%emt 0:00:36]} 33. Nc2 {[%emt 0:01:25]} Kb6 {[%emt 0:01:51]} 34. Ne3 {[%emt 0:02:33]} Ra8 {[%emt 0:01:36]} 35. Rh1 {[%emt 0:01:54]} h6 {[%emt 0:01:10]} 36. Nf5 {[%emt 0:01:17]} Bxf5 {[%emt 0:00:11]} 37. gxf5 {[%emt 0:00:14]} b4 {[%emt 0:02:24]} 38. Rhb1 {[%emt 0:01:33]} Ra3 {[%emt 0:03:38]} 39. Rb2 {[%emt 0:01:52]} Kb7 {[%emt 0:05:29]} 1/2-1/2

[Event "11th Arad Open 2018"]
[Site "Arad"]
[Date "2018.08.11"]
[Round "8"]
[White "Tomici, Stefan"]
[Black "Ungureanu, Sandu"]
[Result "1-0"]
[WhiteElo "2306"]
[BlackElo "2083"]
[Annotator "NA"]
[PlyCount "111"]
[EventDate "2018.08.05"]
[EventType "swiss"]
[EventCountry "ROU"]
[SourceTitle "playchess.com"]
[Source "ChessBase"]
[SourceQuality "1"]
[TimeControl "40/5400+30:1800+30"]

1. c4 {[%emt 0:02:44]} Nf6 {[%emt 0:00:00]} 2. Nf3 {[%emt 0:00:14]} d5 {[%emt 0:00:00]} 3. g3 {[%emt 0:00:32]} Bf5 {[%emt 0:00:52]} 4. cxd5 {[%emt 0:08:34]} Bxb1 {[%emt 0:04:03]} 5. Qa4+ {[%emt 0:14:15]} Qd7 {[%emt 0:01:11]} 6. Qxd7+ {[%emt 0:00:32]} Nbxd7 {[%emt 0:00:13]} 7. Rxb1 {[%emt 0:00:05]} Nxd5 {[%emt 0:00:18]} 8. Bg2 {[%emt 0:00:17]} c6 {[%emt 0:00:16]} 9. O-O {[%emt 0:01:09]} e6 {[%emt 0:00:25]} 10. d3 {[%emt 0:01:19]} g6 {[%emt 0:00:44]} 11. Bd2 {[%emt 0:02:32]} Bg7 {[%emt 0:00:09]} 12. Rfc1 {[%emt 0:02:49]} N5b6 {[%emt 0:03:42]} 13. Bb4 {[%emt 0:13:37]} Nd5 {[%emt 0:02:33]} 14. Bd2 {[%emt 0:06:02]} N5b6 {[%emt 0:01:46]} 15. Kf1 {[%emt 0:00:15]} h6 {[%emt 0:01:28]} 16. Ne1 {[%emt 0:01:02]} f5 {[%emt 0:03:36]} 17. e3 {[%emt 0:05:36]} Kf7 {[%emt 0:01:38]} 18. Ke2 {[%emt 0:03:09]} g5 {[%emt 0:03:51]} 19. e4 {[%emt 0:01:30]} g4 {[%emt 0:00:55]} 20. Be3 {[%emt 0:08:24]} h5 {[%emt 0:01:20]} 21. h4 {[%emt 0:00:40]} Bh6 {[%emt 0:00:21]} 22. Nc2 {[%emt 0:02:44]} Bxe3 {[%emt 0:02:22]} 23. Nxe3 {[%emt 0:01:34]} Kg6 {[%emt 0:02:21]} 24. b4 {[%emt 0:07:09]} a6 {[%emt 0:00:42]} 25. f4 {[%emt 0:03:10]} gxf3+ {[%emt 0:02:25]} 26. Bxf3 {[%emt 0:00:14]} Ne5 {[%emt 0:00:34]} 27. exf5+ {[%emt 0:03:23]} exf5 {[%emt 0:00:56]} 28. Ng2 {[%emt 0:00:32]} Nxf3 {[%emt 0:05:34]} 29. Nf4+ {[%emt 0:00:07]} Kh6 {[%emt 0:02:18]} 30. Kxf3 {[%emt 0:00:08]} Nd7 {[%emt 0:00:27]} 31. d4 {[%emt 0:05:51]} Rae8 {[%emt 0:00:36]} 32. Re1 {[%emt 0:01:45]} Nf6 {[%emt 0:01:36]} 33. Re5 {[%emt 0:01:39]} Rxe5 {[%emt 0:00:04]} 34. dxe5 {[%emt 0:00:07]} Ng4 {[%emt 0:01:55]} 35. e6 {[%emt 0:00:35]} Ne5+ {[%emt 0:00:27]} 36. Ke3 {[%emt 0:00:39]} Rd8 {[%emt 0:02:14]} 37. Rc1 {[%emt 0:00:47]} Ng6 {[%emt 0:02:24]} 38. a3 {[%emt 0:02:01]} Re8 {[%emt 0:00:06]} 39. Re1 {[%emt 0:00:42]} Rd8 {[%emt 0:03:04]} 40. Re2 {[%emt 0:00:00]} Ne7 {[%emt 0:00:00]} 41. Rd2 {[%emt 0:21:01]} Rxd2 {[%emt 0:20:46]} 42. Kxd2 {[%emt 0:00:28]} Ng8 {[%emt 0:01:19]} 43. Ke3 {[%emt 0:00:42]} Kg7 {[%emt 0:01:36]} 44. Nxh5+ {[%emt 0:00:33]} Kf8 {[%emt 0:00:07]} 45. Kf4 {[%emt 0:00:26]} Ke7 {[%emt 0:00:38]} 46. Kxf5 {[%emt 0:01:41]} b6 {[%emt 0:00:37]} 47. Nf4 {[%emt 0:01:00]} a5 {[%emt 0:00:24]} 48. bxa5 {[%emt 0:00:41]} bxa5 {[%emt 0:00:04]} 49. Ke5 {[%emt 0:00:10]} Nh6 {[%emt 0:00:16]} 50. Ng6+ {[%emt 0:00:10]} Ke8 {[%emt 0:00:06]} 51. h5 {[%emt 0:00:06]} a4 {[%emt 0:00:13]} 52. Kd6 {[%emt 0:01:31]} Nf5+ {[%emt 0:00:20]} 53. Kxc6 {[%emt 0:00:05]} Ng7 {[%emt 0:00:21]} 54. h6 {[%emt 0:01:12]} Nxe6 {[%emt 0:00:05]} 55. h7 {[%emt 0:00:04]} Nd8+ {[%emt 0:00:09]} 56. Kb5 {[%emt 0:00:07]} 1-0

[Event "11th Arad Open 2018"]
[Site "Arad"]
[Date "2018.08.11"]
[Round "8"]
[White "Nastase, Robert-Paul"]
[Black "Petrisor, Adrian-Marian"]
[Result "1/2-1/2"]
[WhiteElo "2299"]
[BlackElo "2416"]
[Annotator "TA"]
[PlyCount "38"]
[EventDate "2018.08.05"]
[EventType "swiss"]
[EventCountry "ROU"]
[SourceTitle "playchess.com"]
[Source "ChessBase"]
[SourceQuality "1"]

{[%evp 11,38,51,50,49,62,66,50,45,49,47,43,15,7,18,25,21,2,10,8,14,13,0,0,0,0,8,0,0,0]} 1. e4 g6 2. d4 Bg7 3. Nf3 d6 {[%cal Bd7d6,Bd6d5][%mdl 32]} 4. Bc4 c6 5. Qe2 d5 6. Bb3 {B06: Modern Defence} dxe4 {LiveBook: 5 Games} 7. Ng5 (7. Qxe4 Nf6 8. Qh4 h6 9. Ne5 e6 10. c3 Nbd7 11. Nc4 Nb6 12. Nba3 Nxc4 13. Nxc4 {1-0 (64) Carlsen,M (2876)-Nakamura,H (2802) Stavanger 2015}) 7... Nh6 8. c3 {White is slightly better.} ({Much worse is} 8. Qxe4 Bf5 $11) 8... O-O 9. O-O $146 ({Predecessor:} 9. Nxe4 b6 10. Bg5 Qc7 11. Nbd2 Nf5 12. g4 Nd6 {1-0 (55) Marjanovic,S (2485)-Istratescu,A (2580) Athens 2001}) 9... Nd7 10. Nxe4 Nf5 11. Bg5 h6 12. Bf4 e5 13. dxe5 Nxe5 {The position is equal.} 14. Rd1 $36 {[%mdl 2048] Black is under pressure.} Qh4 15. g3 Qe7 16. Nbd2 Re8 17. Re1 Be6 18. Bxe5 Bxe5 19. Nc5 Qxc5 {Precision: White = 81%, Black = 91%.} 1/2-1/2